[Event "Dhaka Zia Memorial"]
[Site "Dhaka"]
[Date "2025.07.10"]
[Round "8"]
[White "Mohammad, Hasan"]
[Black "Ahmed, Mahtabuddin"]
[Result "0-1"]
[WhiteElo "1846"]
[BlackElo "2034"]
[PlyCount "100"]
[EventDate "2025.07.05"]
[EventType "swiss"]
[EventRounds "9"]
[EventCountry "BAN"]
[SourceTitle "CB29_2025"]
[SourceDate "2025.07.16"]
[SourceVersion "1"]
[SourceVersionDate "2025.07.16"]
[SourceQuality "1"]

1. e4 e5 2. Bc4 Bc5 3. Nf3 Nc6 4. 0-0 d6 5. c3 Qe7 6. d4 Bb6 7. a4 a5 8. Be3 Ba7 9. Na3 Nd8 10. Qb3 Bb8 11. dxe5 dxe5 12. Rad1 Ne6 13. Rd2 Nf6 14. Ng5 Nxg5 15. Bxg5 0-0 16. Rfd1 h6 17. Bxf6 Qxf6 18. Rd3 Bg4 19. R1d2 Ba7 20. h3 Bh5 21. Qxb7 Bb6 22. Rd7 Ra7 23. Qd5 c6 24. Rd6 cxd5 25. Rxf6 gxf6 26. Bxd5 Bc5 27. g4 Bxa3 28. gxh5 Bc5 29. Rd3 Rb8 30. b3 Kh7 31. Bc4 Ba3 32. Rf3 Rb6 33. Rf5 Bc1 34. Rf3 Rd6 35. Bd5 Rc7 36. c4 Kg7 37. Rc3 Bb2 38. Rc2 Bd4 39. Kf1 f5 40. f3 Kf6 41. Rg2 Rb6 42. exf5 Kxf5 43. Rg7 Rxb3 44. Bxf7 Kf6 45. Rh7 Rxf3+ 46. Ke2 Rf2+ 47. Ke1 Rxf7 48. Rxh6+ Ke7 49. Rg6 Bc3+ 50. Kd1 Rd2+ 0-1

[Event "Dhaka Zia Memorial"]
[Site "Dhaka"]
[Date "2025.07.09"]
[Round "7"]
[White "Ahmed, Mahtabuddin"]
[Black "Barua, Oitijjo"]
[Result "1/2-1/2"]
[WhiteElo "2034"]
[BlackElo "1899"]
[PlyCount "56"]
[EventDate "2025.07.05"]
[EventType "swiss"]
[EventRounds "9"]
[EventCountry "BAN"]
[SourceTitle "CB29_2025"]
[SourceDate "2025.07.16"]
[SourceVersion "1"]
[SourceVersionDate "2025.07.16"]
[SourceQuality "1"]

1. Nf3 Nf6 2. g3 d5 3. Bg2 Bg4 4. d3 c6 5. Nbd2 Nbd7 6. e4 e5 7. Qe2 Bd6 8. h3 Bxf3 9. Nxf3 Qa5+ 10. Nd2 0-0 11. 0-0 b5 12. Nf3 dxe4 13. dxe4 Rfd8 14. Rd1 Qc7 15. b3 Nf8 16. Bb2 Ne6 17. h4 h5 18. Ng5 Nd4 19. Bxd4 exd4 20. Qd3 g6 21. f4 Ng4 22. e5 Bc5 23. Re1 Bb6 24. e6 f5 25. e7 Rdc8 26. b4 Re8 27. Qb3+ Kh8 28. Qf7 d3+ 1/2-1/2

[Event "Dhaka Zia Memorial"]
[Site "Dhaka"]
[Date "2025.07.07"]
[Round "4"]
[White "Warisa Haider, Sarah"]
[Black "Ahmed, Mahtabuddin"]
[Result "0-1"]
[WhiteElo "1806"]
[BlackElo "2034"]
[PlyCount "143"]
[EventDate "2025.07.05"]
[EventType "swiss"]
[EventRounds "9"]
[EventCountry "BAN"]
[SourceTitle "CB29_2025"]
[SourceDate "2025.07.16"]
[SourceVersion "1"]
[SourceVersionDate "2025.07.16"]
[SourceQuality "1"]

1. e4 e5 2. Nf3 d6 3. d4 Nd7 4. dxe5 Nxe5 5. Nxe5 dxe5 6. Qxd8+ Kxd8 7. Bc4 f6 8. Nc3 Bc5 9. Na4 Bb4+ 10. c3 Bd6 11. Be3 b6 12. 0-0-0 Ne7 13. Bb3 Bb7 14. f3 Ng6 15. c4 Ke8 16. c5 Be7 17. Be6 Nf8 18. Bc4 Bc6 19. Bd5 Bxa4 20. Bxa8 Bxd1 21. Rxd1 Bxc5 22. Bxc5 bxc5 23. Bd5 Ke7 24. Rd3 Nd7 25. Rc3 Kd6 26. Rd3 c6 27. Bc4+ Kc7 28. Ra3 Ra8 29. Ra5 Kd6 30. Kd2 Rb8 31. Kc3 Rb7 32. Ra6 Nf8 33. g3 h6 34. Bg8 Nd7 35. Bc4 Nb6 36. b3 Nd7 37. Kc2 Kc7 38. Ra5 Kd6 39. Ra6 Nb8 40. Ra5 Kc7 41. a3 Kb6 42. b4 cxb4 43. axb4 Rd7 44. Ra1 Rd4 45. Kc3 Kb7 46. Rb1 Nd7 47. b5 Nb6 48. bxc6+ Kxc6 49. Bf7 a5 50. Ra1 Nc8 51. Rxa5 Rd1 52. Bd5+ Kc7 53. Rc5+ Kd7 54. Ra5 Rc1+ 55. Kd3 Rh1 56. Ra2 Kd6 57. Ra6+ Kc7 58. Rc6+ Kd7 59. Rc2 Ne7 60. Kc4 Kd6 61. Ra2 Rc1+ 62. Kb3 Nxd5 63. exd5 Kxd5 64. Ra7 g5 65. Rf7 Rc6 66. Rh7 f5 67. Rf7 g4 68. Rd7+ Rd6 69. Ra7 Kd4 70. Kc2 Ke3 71. Ra3+ Kf2 72. Ra5 0-1

[Event "Dhaka Zia Memorial"]
[Site "Dhaka"]
[Date "2025.07.06"]
[Round "3"]
[White "Ahmed, Mahtabuddin"]
[Black "Md Foajul, Islam"]
[Result "0-1"]
[WhiteElo "2034"]
[BlackElo "1829"]
[PlyCount "80"]
[EventDate "2025.07.05"]
[EventType "swiss"]
[EventRounds "9"]
[EventCountry "BAN"]
[SourceTitle "CB29_2025"]
[SourceDate "2025.07.16"]
[SourceVersion "1"]
[SourceVersionDate "2025.07.16"]
[SourceQuality "1"]

1. c4 Nf6 2. Nf3 e6 3. Nc3 Nc6 4. e3 d5 5. d4 a6 6. Qc2 Bb4 7. a3 Bxc3+ 8. Qxc3 Ne4 9. Qc2 0-0 10. g3 f5 11. Bg2 Na5 12. c5 Nc6 13. b4 Bd7 14. Bb2 Ne7 15. Ne5 a5 16. f3 Nf6 17. 0-0 Bb5 18. Rfd1 a4 19. Bf1 Bxf1 20. Rxf1 Qe8 21. Qe2 b5 22. cxb6 cxb6 23. Rfc1 Nd7 24. Rc7 Nxe5 25. dxe5 Ng6 26. Rac1 h5 27. f4 Nh8 28. R7c6 Rb8 29. Qa6 Qg6 30. Qxa4 h4 31. Kg2 Nf7 32. Qd1 Nh6 33. Qf3 Ng4 34. h3 Nh6 35. Kh2 hxg3+ 36. Qxg3 Qh5 37. Kg2 Rfe8 38. Rc7 Nf7 39. Kf2 Kh8 40. Rg1 g5 0-1

[Event "Dhaka Zia Memorial"]
[Site "Dhaka"]
[Date "2025.07.06"]
[Round "2"]
[White "Islam, Sheik Md Khairul"]
[Black "Ahmed, Mahtabuddin"]
[Result "1-0"]
[WhiteElo "1854"]
[BlackElo "2034"]
[PlyCount "132"]
[EventDate "2025.07.05"]
[EventType "swiss"]
[EventRounds "9"]
[EventCountry "BAN"]
[SourceTitle "CB29_2025"]
[SourceDate "2025.07.16"]
[SourceVersion "1"]
[SourceVersionDate "2025.07.16"]
[SourceQuality "1"]

1. e4 e5 2. Nf3 Nc6 3. Bc4 Bc5 4. c3 Qe7 5. 0-0 Bb6 6. d4 d6 7. h3 Nf6 8. Re1 h6 9. a4 a5 10. d5 Nb8 11. Nbd2 Nh5 12. Nf1 Qf6 13. Be3 Bxe3 14. Nxe3 Nf4 15. Kh2 0-0 16. Bf1 g6 17. b3 b6 18. Ra2 Na6 19. g3 Nh5 20. Ng4 Qg7 21. Qd2 Kh7 22. Nh4 Nc5 23. Qd1 Bd7 24. Bg2 Rg8 25. Ne3 Qf6 26. Ng4 Qe7 27. Ne3 Nf4 28. Bf1 Nxe4 29. Qc2 Nc5 30. b4 Nb7 31. Ng4 Nh5 32. Qd2 Qg5 33. Qd1 f5 34. Nf3 Qe7 35. Ngxe5 dxe5 36. Nxe5 Qg7 37. Nxd7 Qxd7 38. Bb5 Qg7 39. Rae2 Nd6 40. Re7 Nf7 41. Rxc7 Rac8 42. Rb7 Qf6 43. Ree7 Rg7 44. bxa5 bxa5 45. c4 Nd6 46. Re6 Qf8 47. Rb6 Nxb5 48. cxb5 Qc5 49. Qf3 Rd8 50. Rbc6 Qxd5 51. Qxd5 Rxd5 52. Ra6 Rd2 53. Kg2 Ra2 54. Rxa5 f4 55. g4 f3+ 56. Kxf3 Rf7+ 57. Ke3 Nf4 58. Rea6 Re2+ 59. Kf3 Ree7 60. b6 Nxh3+ 61. Kg3 Nxf2 62. Ra7 Ne4+ 63. Kg2 Rb7 64. Rxb7 Rxb7 65. Ra7 Nd6 66. a5 Kg7 1-0

[Event "Dhaka Elegant Chess Academy 1st"]
[Site "Dhaka"]
[Date "2024.07.15"]
[Round "5.2"]
[White "Ahmed, Mahtabuddin"]
[Black "Tutul, Dhar"]
[Result "0-1"]
[WhiteElo "1999"]
[BlackElo "1965"]
[PlyCount "131"]
[EventDate "2024.07.11"]
[EventType "team-tourn"]
[EventRounds "11"]
[EventCountry "BAN"]
[SourceTitle "EXT 2025"]
[Source "ChessBase"]
[SourceDate "2024.10.14"]
[SourceVersion "1"]
[SourceVersionDate "2024.10.14"]
[SourceQuality "1"]
[WhiteTeam "Buriganga"]
[BlackTeam "Sultana Kamal Smirity"]
[WhiteTeamCountry "BAN"]
[BlackTeamCountry "BAN"]

1. Nf3 Nf6 2. g3 e6 3. Bg2 Be7 4. d3 d5 5. Nbd2 0-0 6. 0-0 c5 7. e4 Nc6 8. b3 Re8 9. Bb2 Bf8 10. a3 b6 11. Qe2 Bb7 12. Rfd1 g6 13. Nf1 Bg7 14. Rab1 Qc7 15. h3 Rad8 16. c3 a5 17. e5 Nd7 18. d4 Ra8 19. N3h2 Ba6 20. Qd2 f6 21. f4 f5 22. Ne3 cxd4 23. cxd4 Ne7 24. Rbc1 Qb7 25. Rc3 Rec8 26. Rdc1 Rxc3 27. Rxc3 Rc8 28. Qc2 Bf8 29. Nf3 h6 30. h4 Rxc3 31. Qxc3 Qc6 32. Nd2 Qxc3 33. Bxc3 Bd3 34. Bf1 Bxf1 35. Kxf1 Nc6 36. Nc2 b5 37. Nf3 Nb6 38. Ke2 Kf7 39. Nfe1 a4 40. b4 Nc4 41. Nd3 Be7 42. Kf3 g5 43. hxg5 hxg5 44. Be1 Kg6 45. Bc3 Kh5 46. Be1 Kg6 47. Bc3 Nd8 48. Be1 Nf7 49. Bc3 Nh6 50. Be1 Nf7 51. Bc3 Nh6 52. Be1 Ng4 53. Bc3 Kf7 54. Be1 Ke8 55. Bc3 Nb6 56. Be1 Nd7 57. Bc3 Nf8 58. Ne3 Nxe3 59. Kxe3 Nd7 60. Kf3 Nb6 61. Ne1 Nc4 62. Nc2 Kf7 63. Be1 Kg6 64. Bc3 Kh5 65. Be1 Bd8 66. Bc3 0-1

[Event "Dhaka Elegant Chess Academy 1st"]
[Site "Dhaka"]
[Date "2024.07.14"]
[Round "4.2"]
[White "Shatadru Shovan, Dey"]
[Black "Ahmed, Mahtabuddin"]
[Result "0-1"]
[WhiteElo "1879"]
[BlackElo "1999"]
[PlyCount "45"]
[EventDate "2024.07.11"]
[EventType "team-tourn"]
[EventRounds "11"]
[EventCountry "BAN"]
[SourceTitle "EXT 2025"]
[Source "ChessBase"]
[SourceDate "2024.10.14"]
[SourceVersion "1"]
[SourceVersionDate "2024.10.14"]
[SourceQuality "1"]
[WhiteTeam "Shahin CC"]
[BlackTeam "Buriganga"]
[WhiteTeamCountry "BAN"]
[BlackTeamCountry "BAN"]

1. d4 d5 2. Bf4 Bf5 3. c4 c6 4. Nc3 Qb6 5. cxd5 Qxb2 6. Rc1 Nf6 7. f3 Nxd5 8. Nxd5 cxd5 9. e4 Bd7 10. Rc2 Qb4+ 11. Kf2 Nc6 12. exd5 Nxd4 13. Rc4 Qb2+ 14. Ne2 Nf5 15. g4 Qb6+ 16. Nd4 Nxd4 17. Rxd4 g6 18. Be3 Bg7 19. Rc4 Qd8 20. d6 0-0 21. Rc7 exd6 22. Rxb7 Rc8 23. Rb5 0-1

[Event "Asia zt 3.2"]
[Site "Dhaka"]
[Date "2023.05.08"]
[Round "7"]
[White "Hossain, Enayet Mohammed"]
[Black "Ahmed, Mahtabuddin"]
[Result "1-0"]
[WhiteElo "1930"]
[BlackElo "2025"]
[PlyCount "73"]
[EventDate "2023.05.02"]
[EventType "swiss"]
[EventRounds "9"]
[EventCountry "BAN"]
[SourceTitle "CBM 214 Extra"]
[Source "ChessBase"]
[SourceDate "2023.07.31"]
[SourceVersion "1"]
[SourceVersionDate "2023.07.31"]
[SourceQuality "1"]

1. d4 d5 2. Bg5 h6 3. Bh4 c6 4. c3 Bf5 5. Nd2 Nd7 6. e3 Ngf6 7. Ngf3 e6 8. Be2 Be7 9. 0-0 0-0 10. c4 Qb6 11. Qc1 dxc4 12. Nxc4 Qd8 13. Rd1 Ne4 14. Bxe7 Qxe7 15. Bd3 Ndf6 16. Nce5 Rac8 17. Qb1 c5 18. g4 Bh7 19. h4 c4 20. Bc2 g5 21. hxg5 hxg5 22. Kg2 Kg7 23. Rh1 Rh8 24. Rxh7+ Rxh7 25. Bxe4 Nxe4 26. Qxe4 f6 27. Qg6+ Kh8 28. Rh1 fxe5 29. Nxg5 Rxh1 30. Nf7+ Qxf7 31. Qxf7 Rh7 32. Qxe6 Rcc7 33. Qxe5+ Rhg7 34. Kg3 a6 35. d5 b5 36. a3 Kg8 37. Qe6+ 1-0

[Event "Dhaka Walton op"]
[Site "Dhaka"]
[Date "2023.04.09"]
[Round "7"]
[White "Zia, Tahsin Tajwar"]
[Black "Ahmed, Mahtabuddin"]
[Result "1-0"]
[WhiteElo "2319"]
[BlackElo "2039"]
[PlyCount "61"]
[EventDate "2023.04.03"]
[EventType "swiss"]
[EventRounds "9"]
[EventCountry "BAN"]
[SourceTitle "EXT 2024"]
[Source "ChessBase"]
[SourceDate "2023.10.10"]
[SourceVersion "1"]
[SourceVersionDate "2023.10.10"]
[SourceQuality "1"]

1. d4 d5 2. c4 c6 3. Nf3 Nf6 4. Nc3 Bf5 5. cxd5 Nxd5 6. e3 e6 7. a3 Be7 8. Bd3 Qa5 9. Bxf5 exf5 10. Bd2 Qd8 11. 0-0 0-0 12. Qb3 Nb6 13. Rad1 Na6 14. a4 Bb4 15. Ne5 Qd6 16. Nd3 Ba5 17. Nf4 Rab8 18. Nb5 cxb5 19. Bxa5 bxa4 20. Qc2 Qd7 21. d5 Rbc8 22. Qe2 Nc4 23. Bc3 Rfe8 24. Nh5 Ne5 25. h3 f6 26. f4 Nc4 27. Rf3 Kf7 28. Nxg7 Kxg7 29. Rg3+ Kh6 30. Bxf6 Rg8 31. Rxg8 1-0

[Event "BAN-chB 47th"]
[Site "Dhaka"]
[Date "2022.11.03"]
[Round "8"]
[White "Ahmed, Mahtabuddin"]
[Black "Md Abdur, Raufe Aziz"]
[Result "1-0"]
[WhiteElo "2037"]
[BlackElo "1888"]
[PlyCount "93"]
[EventDate "2022.10.27"]
[EventType "swiss"]
[EventRounds "11"]
[EventCountry "BAN"]
[SourceTitle "EXT 2024"]
[Source "ChessBase"]
[SourceDate "2023.10.10"]
[SourceVersion "1"]
[SourceVersionDate "2023.10.10"]
[SourceQuality "1"]

1. d4 d5 2. c4 e6 3. Nc3 Nf6 4. cxd5 exd5 5. Bg5 Nbd7 6. e3 c6 7. Bd3 Qa5 8. Qc2 Bb4 9. Nge2 0-0 10. 0-0 Re8 11. a3 Bd6 12. b4 Qc7 13. Bf4 Bxf4 14. Nxf4 Qd6 15. b5 c5 16. dxc5 Nxc5 17. Be2 Qe5 18. Na4 Nce4 19. Nd3 Qg5 20. Qb2 Bh3 21. Nf4 Bf5 22. Rad1 Rad8 23. Rd4 Qh6 24. Qa2 Be6 25. Bf3 Bg4 26. Bxg4 Nxg4 27. h3 Ngxf2 28. Rxf2 Nxf2 29. Qxf2 Qd6 30. Rd3 Qe5 31. Nc3 Rc8 32. Nfxd5 Red8 33. Qd2 h6 34. Rd4 Kh8 35. a4 Re8 36. a5 Qg5 37. Ne4 Qg6 38. Nf4 Qf5 39. Nd6 Qb1+ 40. Kh2 Rc2 41. Qd3 Rf8 42. Nxf7+ Kg8 43. Nxh6+ gxh6 44. Qg6+ Kh8 45. Qxh6+ Kg8 46. Qg6+ Kh8 47. Ne6 1-0

[Event "Dhaka Metropolis op U2100"]
[Site "Dhaka"]
[Date "2022.10.19"]
[Round "3"]
[White "Ahmed, Mahtabuddin"]
[Black "Bappi, Ab"]
[Result "1/2-1/2"]
[WhiteElo "2037"]
[BlackElo "1846"]
[PlyCount "85"]
[EventDate "2022.10.17"]
[EventType "swiss"]
[EventRounds "9"]
[EventCountry "BAN"]
[SourceTitle "EXT 2024"]
[Source "ChessBase"]
[SourceDate "2023.10.10"]
[SourceVersion "1"]
[SourceVersionDate "2023.10.10"]
[SourceQuality "1"]

1. c4 Nf6 2. Nc3 c5 3. Nf3 Nc6 4. d4 cxd4 5. Nxd4 g6 6. e3 Bg7 7. Be2 a6 8. 0-0 0-0 9. b3 Qc7 10. Bb2 d6 11. Rc1 Nxd4 12. Qxd4 e5 13. Qd2 Be6 14. Rfd1 Rfd8 15. Ba3 Bf8 16. Bf3 Rac8 17. Bb4 b6 18. Nd5 Bxd5 19. Bxd5 Nxd5 20. Qxd5 Qc6 21. Rc3 Qxd5 22. Rxd5 f6 23. Rcd3 Rc6 24. Kf1 Kf7 25. c5 bxc5 26. Bxc5 Be7 27. Bb4 Ke6 28. f3 Rdc8 29. Rd2 Rc1+ 30. Ke2 R8c6 31. Rd1 R1c2+ 32. R5d2 f5 33. Ba3 e4 34. Bb2 Bd8 35. Rxc2 Rxc2+ 36. Rd2 Rc6 37. Kd1 d5 38. Bd4 Bc7 39. f4 Bd6 40. Rc2 Kd7 41. Rxc6 Kxc6 42. Kc2 Kb5 43. a4+ 1/2-1/2

[Event "Dhaka Walton op"]
[Site "Dhaka"]
[Date "2022.04.04"]
[Round "1"]
[White "Md Abu, Said"]
[Black "Ahmed, Mahtabuddin"]
[Result "0-1"]
[WhiteElo "1514"]
[BlackElo "2025"]
[PlyCount "64"]
[EventDate "2022.04.04"]
[EventType "swiss"]
[EventRounds "9"]
[EventCountry "BAN"]
[SourceTitle "CBM 207 Extra"]
[Source "ChessBase"]
[SourceDate "2022.05.31"]
[SourceVersion "1"]
[SourceVersionDate "2022.05.31"]
[SourceQuality "1"]

1. e4 e5 2. Nf3 Nc6 3. Bb5 a6 4. Ba4 Nf6 5. 0-0 Be7 6. Re1 b5 7. Bb3 d6 8. c3 0-0 9. h3 Na5 10. Bc2 c5 11. d4 Qc7 12. Be3 Nc4 13. Bc1 Bb7 14. Nbd2 Nxd2 15. Bxd2 Rfe8 16. Rc1 h6 17. Bb1 Bf8 18. a3 exd4 19. cxd4 Bxe4 20. Bxe4 Nxe4 21. Bf4 Qb7 22. Qb3 Rac8 23. Qd1 c4 24. d5 Nf6 25. Qd2 Qxd5 26. Rxe8 Rxe8 27. Rd1 Qxd2 28. Rxd2 g5 29. Be3 Ne4 30. Rc2 Bg7 31. g3 Nxg3 32. Bd4 Ne2+ 0-1

[Event "Dhaka Al Mahmud Memorial"]
[Site "Dhaka"]
[Date "2022.02.10"]
[Round "6"]
[White "Mrittika, Mallick"]
[Black "Ahmed, Mahtabuddin"]
[Result "1-0"]
[WhiteElo "1666"]
[BlackElo "2055"]
[PlyCount "77"]
[EventDate "2022.02.05"]
[EventType "swiss"]
[EventRounds "9"]
[EventCountry "BAN"]
[SourceTitle "CBM 206 Extra"]
[Source "ChessBase"]
[SourceDate "2022.03.31"]
[SourceVersion "1"]
[SourceVersionDate "2022.03.31"]
[SourceQuality "1"]

1. e4 e5 2. Nf3 Nc6 3. Bc4 Bc5 4. c3 Nf6 5. d3 a6 6. 0-0 d6 7. a4 Ba7 8. Re1 0-0 9. h3 Be6 10. Nbd2 Qe7 11. Nf1 Bxc4 12. dxc4 h6 13. Ng3 Kh7 14. b4 Qe6 15. Qd3 Ne7 16. Bd2 g6 17. Rad1 Rfd8 18. Bc1 Nd7 19. a5 Qf6 20. Qd2 Qg7 21. Qc2 Nf8 22. Nh2 Ne6 23. Ng4 Ng8 24. Ne3 Bxe3 25. Rxe3 Ne7 26. Rf3 Rf8 27. h4 Rg8 28. c5 dxc5 29. Rd7 Rge8 30. Qd2 Rac8 31. Nf1 Nf8 32. Rdd3 c4 33. Rde3 f5 34. exf5 gxf5 35. Rg3 Qf6 36. Rxe5 Rcd8 37. Qe2 Rd7 38. Qxc4 Red8 39. Rxe7+ 1-0

[Event "Dhaka Al Mahmud Memorial"]
[Site "Dhaka"]
[Date "2022.02.09"]
[Round "5"]
[White "Ahmed, Mahtabuddin"]
[Black "Ankit, Ray"]
[Result "1/2-1/2"]
[WhiteElo "2055"]
[BlackElo "1824"]
[PlyCount "62"]
[EventDate "2022.02.05"]
[EventType "swiss"]
[EventRounds "9"]
[EventCountry "BAN"]
[SourceTitle "CBM 206 Extra"]
[Source "ChessBase"]
[SourceDate "2022.03.31"]
[SourceVersion "1"]
[SourceVersionDate "2022.03.31"]
[SourceQuality "1"]

1. Nf3 d5 2. g3 Nf6 3. d4 e6 4. Bg2 Be7 5. 0-0 0-0 6. b3 c5 7. dxc5 Bxc5 8. Bb2 Nc6 9. Nbd2 Qe7 10. e3 Ba3 11. Bc3 e5 12. h3 Rd8 13. Nb1 Bc5 14. Qe2 Bf5 15. Nh4 Bg6 16. Nxg6 hxg6 17. Bb2 Rac8 18. a3 d4 19. e4 Rc7 20. Rd1 Rdc8 21. Nd2 Nb8 22. Nf3 Nbd7 23. Ne1 Bb6 24. Rac1 Ne8 25. Nd3 Nd6 26. a4 a5 27. h4 Nc5 28. Ne1 Rc6 29. Rb1 Na6 30. Ba3 Bc5 31. Bb2 Bb6 1/2-1/2

[Event "BAN-chB 46th"]
[Site "Dhaka"]
[Date "2021.12.20"]
[Round "6"]
[White "Ahmed, Mahtabuddin"]
[Black "Md, Sariatullah"]
[Result "1-0"]
[WhiteElo "2073"]
[BlackElo "1965"]
[PlyCount "91"]
[EventDate "2021.12.15"]
[EventType "swiss"]
[EventRounds "9"]
[EventCountry "BAN"]
[SourceTitle "CBM 206 Extra"]
[Source "ChessBase"]
[SourceDate "2022.03.31"]
[SourceVersion "1"]
[SourceVersionDate "2022.03.31"]
[SourceQuality "1"]

1. Nf3 d5 2. g3 Nf6 3. Bg2 e6 4. d3 c5 5. Nbd2 Nc6 6. e4 Be7 7. 0-0 0-0 8. b3 b6 9. Bb2 Bb7 10. Re1 Qc7 11. exd5 exd5 12. Ne5 Rfe8 13. Rb1 d4 14. Nxc6 Bxc6 15. Bxc6 Qxc6 16. Qf3 Qxf3 17. Nxf3 Bd6 18. Ba3 a5 19. Nxd4 Be5 20. Nb5 Nd5 21. Re2 Bc3 22. Rxe8+ Rxe8 23. Kf1 h5 24. Bb2 Bxb2 25. Rxb2 a4 26. bxa4 Ra8 27. c4 Nb4 28. Nc3 Nxd3 29. Rxb6 Re8 30. a5 Ra8 31. Rb5 Rc8 32. Na4 h4 33. gxh4 Kf8 34. Ke2 Nc1+ 35. Kd2 Nxa2 36. Nxc5 Ke7 37. Kc2 Nb4+ 38. Rxb4 Rxc5 39. Ra4 Kd6 40. a6 Rc8 41. a7 Ra8 42. Ra6+ Kc7 43. c5 Kb7 44. Ra5 Kc6 45. Kc3 Kb7 46. Kc4 1-0

[Event "Dhaka Sheikh Russel op"]
[Site "Dhaka"]
[Date "2021.10.24"]
[Round "6"]
[White "Ahmed, Mahtabuddin"]
[Black "Islam, Khandaker Aminul"]
[Result "0-1"]
[WhiteElo "2051"]
[BlackElo "2182"]
[PlyCount "34"]
[EventDate "2021.10.19"]
[EventType "swiss"]
[EventRounds "9"]
[EventCountry "BAN"]
[SourceTitle "CBM 204 Extra"]
[Source "ChessBase"]
[SourceDate "2021.11.30"]
[SourceVersion "1"]
[SourceVersionDate "2021.11.30"]
[SourceQuality "1"]

1. c4 b6 2. Nf3 Bb7 3. e3 e6 4. Be2 f5 5. Nc3 Nf6 6. b3 a6 7. Bb2 Bd6 8. Qc2 0-0 9. 0-0 Ra7 10. d3 Ng4 11. g3 Qf6 12. h3 Qh6 13. hxg4 fxg4 14. Nh4 Bxg3 15. Bxg4 Bh2+ 16. Kxh2 Qxh4+ 17. Bh3 Rf3 0-1

[Event "Dhaka Sheikh Russel op"]
[Site "Dhaka"]
[Date "2021.10.22"]
[Round "4"]
[White "Ahmed, Mahtabuddin"]
[Black "Ahmed, Sk Nasir"]
[Result "0-1"]
[WhiteElo "2051"]
[BlackElo "2228"]
[PlyCount "96"]
[EventDate "2021.10.19"]
[EventType "swiss"]
[EventRounds "9"]
[EventCountry "BAN"]
[SourceTitle "CBM 204 Extra"]
[Source "ChessBase"]
[SourceDate "2021.11.30"]
[SourceVersion "1"]
[SourceVersionDate "2021.11.30"]
[SourceQuality "1"]

1. c4 c5 2. Nc3 Nc6 3. Nf3 g6 4. e3 Nf6 5. b3 Bg7 6. Bb2 0-0 7. Be2 d5 8. cxd5 Nxd5 9. Na4 e5 10. 0-0 b6 11. Qc2 Bf5 12. d3 Be6 13. Rac1 Rc8 14. Qb1 Qe7 15. Qa1 f6 16. Rfd1 Rfd8 17. h3 Qf7 18. Bf1 g5 19. Nh2 Qg6 20. Be2 h5 21. Nc3 g4 22. hxg4 hxg4 23. Nxd5 Rxd5 24. Nf1 Bh6 25. Bc3 Rcd8 26. Qb1 R5d7 27. Rd2 Rh7 28. Ng3 Bg5 29. Kf1 Qh6 30. Ke1 Qh2 31. Ne4 Qxg2 32. Kd1 Rhd7 33. Kc2 Nb4+ 34. Bxb4 cxb4 35. Nxg5 fxg5 36. Bf1 Qf3 37. Kb2 g3 38. d4 e4 39. fxg3 Qxe3 40. Qc2 Rxd4 41. Re2 Qxg3 42. Qc6 Qd6 43. Qxd6 R8xd6 44. Rce1 Bf5 45. Bg2 Rd2+ 46. Kc1 e3 47. Bf3 g4 48. Rg1 Kf7 0-1

[Event "Dhaka Sheikh Russel op"]
[Site "Dhaka"]
[Date "2021.10.21"]
[Round "3"]
[White "Sanket, Chakravarty"]
[Black "Ahmed, Mahtabuddin"]
[Result "1/2-1/2"]
[WhiteElo "2288"]
[BlackElo "2051"]
[PlyCount "160"]
[EventDate "2021.10.19"]
[EventType "swiss"]
[EventRounds "9"]
[EventCountry "BAN"]
[SourceTitle "CBM 204 Extra"]
[Source "ChessBase"]
[SourceDate "2021.11.30"]
[SourceVersion "1"]
[SourceVersionDate "2021.11.30"]
[SourceQuality "1"]

1. e4 e5 2. Nf3 Nc6 3. Bc4 Bc5 4. 0-0 d6 5. c3 Qe7 6. d4 Bb6 7. a4 a6 8. h3 Nf6 9. Re1 h6 10. Be3 Ba7 11. Nbd2 0-0 12. a5 Nh5 13. Bd5 Nf4 14. Bxf4 exf4 15. e5 Nd8 16. Nc4 dxe5 17. Nfxe5 Qf6 18. Qf3 c6 19. Be4 Ne6 20. Bc2 Ng5 21. Qh5 Be6 22. h4 Nh7 23. Nd6 Rab8 24. Ne4 Qd8 25. Nd3 Nf6 26. Nxf6+ Qxf6 27. Re4 Qf5 28. Qf3 Bd5 29. Rxf4 Bxf3 30. Rxf5 Be4 31. Re5 Bxd3 32. Bxd3 Rfe8 33. Rae1 Kf8 34. g3 Rxe5 35. Rxe5 Re8 36. Rxe8+ Kxe8 37. b4 Bb8 38. Kg2 c5 39. bxc5 Bc7 40. Be4 Bxa5 41. Bxb7 Bxc3 42. c6 Kd8 43. d5 Kc7 44. Bxa6 Kd6 45. g4 Bf6 46. h5 Be5 47. Bc4 Kc5 48. Ba2 Bd6 49. Kf3 Kd4 50. Ke2 f6 51. Kd2 f5 52. gxf5 Ke5 53. Kd3 Kxf5 54. Kc4 Kf6 55. Bb1 Ke7 56. Bf5 Kf6 57. Bh3 Ke7 58. Kb5 Kd8 59. Kb6 Bc7+ 60. Kc5 Ke7 61. Bg2 Bd6+ 62. Kd4 Kf6 63. Ke4 Bc7 64. Bh3 Bd6 65. Bd7 Bc7 66. Be8 Bd6 67. Bg6 Bc7 68. Kd4 Bd6 69. Kc4 Ke7 70. Kb5 Kd8 71. Kc4 Ke7 72. Kd4 Kf6 73. Ke4 Bc7 74. f4 Bd6 75. f5 Bc7 76. Be8 Bd6 77. Bd7 Bc7 78. Be6 Bd6 79. Kd4 Ke7 80. Kc4 Be5 1/2-1/2

[Event "Sheikh Kamal Online Inv"]
[Site "Tornelo INT"]
[Date "2021.08.28"]
[Round "4"]
[White "Ahmed, Mahtabuddin"]
[Black "Vaibhav, Suri"]
[Result "0-1"]
[WhiteElo "2051"]
[BlackElo "2600"]
[PlyCount "62"]
[EventDate "2021.08.27"]
[EventType "tourn (rapid)"]
[EventRounds "9"]
[EventCountry "BAN"]
[SourceTitle "CBM 204 Extra"]
[Source "ChessBase"]
[SourceDate "2021.11.30"]
[SourceVersion "1"]
[SourceVersionDate "2021.11.30"]
[SourceQuality "1"]

1. Nf3 Nf6 2. g3 d5 3. Bg2 Bg4 4. h3 Bh5 5. d4 e6 6. Nbd2 c5 7. e3 Nc6 8. dxc5 Bxc5 9. Nb3 Be7 10. Nbd4 Rc8 11. c3 0-0 12. 0-0 Ne4 13. g4 Bg6 14. Nxc6 bxc6 15. Ne5 Nd6 16. Nxg6 hxg6 17. b3 Bf6 18. Bb2 Qb6 19. Qe2 a5 20. e4 dxe4 21. Bxe4 Rfd8 22. Bd3 c5 23. Bc4 a4 24. Rab1 axb3 25. axb3 Ra8 26. Ra1 Rab8 27. Ra3 Nxc4 28. Qxc4 Rd2 29. Ba1 g5 30. Qa4 Qb7 31. Qd4 cxd4 0-1

[Event "Sheikh Kamal Online Inv"]
[Site "Tornelo INT"]
[Date "2021.08.28"]
[Round "5"]
[White "Miciano, John Marvin"]
[Black "Ahmed, Mahtabuddin"]
[Result "1/2-1/2"]
[WhiteElo "2316"]
[BlackElo "2051"]
[PlyCount "84"]
[EventDate "2021.08.27"]
[EventType "tourn (rapid)"]
[EventRounds "9"]
[EventCountry "BAN"]
[SourceTitle "CBM 204 Extra"]
[Source "ChessBase"]
[SourceDate "2021.11.30"]
[SourceVersion "1"]
[SourceVersionDate "2021.11.30"]
[SourceQuality "1"]

1. e4 e5 2. Nf3 d6 3. Bc4 Nd7 4. d3 Be7 5. Nbd2 Ngf6 6. Nf1 c6 7. Ng3 g6 8. 0-0 0-0 9. a4 Kg7 10. a5 Nc5 11. Re1 Be6 12. b4 Bxc4 13. bxc5 Be6 14. Bb2 Nd7 15. d4 dxc5 16. d5 Bg4 17. a6 Qb6 18. axb7 Qxb7 19. Rb1 Qc7 20. dxc6 Nf6 21. Bxe5 Qxc6 22. h3 Bxf3 23. Qxf3 Kg8 24. Ba1 Nd7 25. Qf4 Bf6 26. e5 Bg7 27. Ne4 Rfe8 28. Nf6+ Nxf6 29. exf6 Bf8 30. Bc3 Rxe1+ 31. Rxe1 Re8 32. Rxe8 Qxe8 33. Be5 h6 34. Bd6 Qe1+ 35. Kh2 Bxd6 36. Qxd6 Qxf2 37. Qd8+ Kh7 38. Qe7 Qf4+ 39. Kg1 Qd4+ 40. Kh2 Qf4+ 41. Kg1 Qc1+ 42. Kh2 Qf4+ 1/2-1/2